00612nam a2200193Ia 450000500170000000800410001702000240005804000190008204100120010108200130011310000230012624501110014926000260026030000200028650400500030665000310035670000210038785000100040820230605121507.0131103s9999 xx 000 0 und d a1842125079cRs 1000 aLoreto College aEnglish a938bFLA aFlaceliere, Robert aDaily life in Greece at the time of PericlescRobert Flaceliere. Translated from the French by Peter Green aLondonbPhoenixc2002 axvi,310pb maps aIncludes bibliographical references and index aGreece-History and Culture aGreen, Peter, tr aLCLIB